Т. 2; Международный транслятор современных масел и смазок в стандартах разных стран и фирм

Bibliographic Details
Parent link:Международный транслятор современных масел и смазок в стандартах разных стран и фирм/ Под ред. И. П. Ксеневича. Т. 2.— , 1994
Summary:Паралел. текст на анг. языке
Language:Russian
English
Published: 1994
Subjects:
Format: Book
KOHA link:https://koha.lib.tpu.ru/cgi-bin/koha/opac-detail.pl?biblionumber=14937

MARC

LEADER 00000nam0a2200000 4500
001 14937
005 20231030185931.0
010 |a 590035914X 
035 |a (RuTPU)RU\TPU\book\15038 
035 |a BOOK00015108 
090 |a 14937 
100 |a 20011209d1994 k y0rusy50 ca 
101 0 |a rus  |a eng 
102 |a RU 
105 |a y fg 000zy 
200 0 |a Т. 2 
210 |d 1994 
215 |a 263 с. 
300 |a Паралел. текст на анг. языке 
461 |t Международный транслятор современных масел и смазок в стандартах разных стран и фирм  |f Под ред. И. П. Ксеневича  |v Т. 2  |d 1994  |s Международная инженерная энциклопедия 
610 1 |a смазочные материалы 
610 1 |a смазочные масла 
610 1 |a пластичные смазки 
610 1 |a моторные масла 
610 1 |a трансмиссионные масла 
610 1 |a индустриальные масла 
610 1 |a марки 
610 1 |a стандарты 
610 1 |a справочники 
610 1 |a трансляторы 
675 |a 621.892(03)  |v 3 
801 0 |a RU  |b 63413507  |c 20011209  |g PSBO 
801 2 |a RU  |b 63413507  |c 20080215  |g PSBO 
942 |c BK